Viage de España en el que se da noticia de las cosas mas apreciables y dignas de saberse que hay en ella (Record no. 5162)
[ view plain ]
| 000 -LEADER | |
|---|---|
| campo de control de longitud fija | 00985npm a2200241 i 4500 |
| 001 - NÚMERO DE CONTROL | |
| campo de control | 5162 |
| 003 - IDENTIFICADOR DE NÚMERO DE CONTROL | |
| campo de control | ES-MaACL |
| 005 - FECHA Y HORA DE LA ÚLTIMA TRANSACCIÓN | |
| campo de control | 20250811063128.0 |
| 007 - CAMPO FIJO DE DESCRIPCIÓN FÍSICA--INFORMACIÓN GENERAL | |
| campo de control de longitud fija | hzrazu bucu |
| 008 - DATOS DE LONGITUD FIJA--INFORMACIÓN GENERAL | |
| campo de control de longitud fija | 900419r19901787sp a 00010 spa d |
| 080 ## - NÚMERO DE LA CLASIFICACIÓN DECIMAL UNIVERSAL | |
| Número de la Clasificación Decimal Universal | 91(46) |
| 080 ## - NÚMERO DE LA CLASIFICACIÓN DECIMAL UNIVERSAL | |
| Número de la Clasificación Decimal Universal | 7(46-81) |
| 100 1# - ENTRADA PRINCIPAL--NOMBRE DE PERSONA | |
| Nombre de persona | Ponz, Antonio, |
| Fechas asociadas al nombre | 1725-1792 |
| 9 (RLIN) | 93069 |
| 245 10 - MENCIÓN DEL TÍTULO | |
| Título | Viage de España en el que se da noticia de las cosas mas apreciables y dignas de saberse que hay en ella |
| Resto del título | : [Microforma] / |
| Mención de responsabilidad, etc. | su autor Antonio Ponz. |
| 260 ## - PUBLICACIÓN, DISTRIBUCIÓN, ETC. | |
| Lugar de publicación, distribución, etc. | Madrid : |
| Nombre del editor, distribuidor, etc. | Ateneo Cientifico, Literario y Artistico, |
| Fecha de publicación, distribución, etc. | 1990. |
| 300 ## - DESCRIPCIÓN FÍSICA | |
| Extensión | 3 carretes de microfilme : |
| Otras características físicas | negativo ; |
| Dimensiones | 16 mm. |
| 500 ## - NOTA GENERAL | |
| Nota general | Publicado originalmente: Madrid, Viuda de Ibarra, 1787-1793, 3a ed. corregida y aumentada, 18 v. |
| 505 8# - NOTA DE CONTENIDO CON FORMATO | |
| Nota de contenido con formato | Carrete n. 1: Tomos 1 a 7 -- Carrete n. 2: Tomos 8 a 14 -- Carrete n. 3: Tomos 15 a 18 |
| 650 14 - PUNTO DE ACCESO ADICIONAL DE MATERIA--TÉRMINO DE MATERIA | |
| Término de materia o nombre geográfico como elemento de entrada | Obras anteriores a 1800. |
| 9 (RLIN) | 15661 |
| 852 ## - LOCALIZACIÓN | |
| Ubicación | ES-MaACL |
| Número de control de estantería | MC-196-198 |
| itemnumber | 5279 |
| 942 ## - ELEMENTOS DE ENTRADA SECUNDARIOS (KOHA) | |
| Fuente del sistema de clasificación o colocación | Clasificación decimal universal |
| Tipo de ítem Koha | Microforma |
| Estatus retirado | Estado de pérdida | Fuente del sistema de clasificación o colocación | Estado de daño | No para préstamo | Colección | Biblioteca de origen | Biblioteca actual | Ubicación en estantería | Fecha de adquisición | Total de préstamos | Signatura topográfica completa | Código de barras | Visto por última vez | Precio de reemplazo | Tipo de ítem Koha |
|---|---|---|---|---|---|---|---|---|---|---|---|---|---|---|---|
| Clasificación decimal universal | Libros del s. XVIII | Biblioteca del Ateneo de Madrid | Biblioteca del Ateneo de Madrid | Depósito 1 | 17/01/2008 | MC-196-198 | 1005225 | 23/02/2023 | 23/02/2023 | Microforma |
